Zneškodňovanie RAO z jadrových elektrární : Zborník referátov z konferencie. Nízke Tatry, Tále 11.-14.4.1988. I.Časť

Na minha lista:
Detalhes bibliográficos
Formato: Livro
Publicado em: Trnava : Výsk.ústav jadrov.elektrární, 1988
Tags: Adicionar Tag
Sem tags, seja o primeiro a adicionar uma tag!

MARC

LEADER 00000nam a22000003a 4500
001 stu20280
005 20150408181435.6
008 ------s1988----cs----------------------d
040 |a STU  |b slo 
041 0
044 |a cs 
080 |a 621.039.7/061.3/ 
245 |a Zneškodňovanie RAO z jadrových elektrární :  |b Zborník referátov z konferencie. Nízke Tatry, Tále 11.-14.4.1988. I.Časť 
260 |a Trnava :  |b Výsk.ústav jadrov.elektrární,  |c 1988 
300 |a 188 s 
996 |b CK74  |c C*K74  |l CCXXVI  |s P  |a 0  |w stu20280_0001